|
|
|
|
| LEADER |
01520nam a22003497a 4500 |
| 001 |
35297 |
| 003 |
BD-DhAAL |
| 005 |
20211206132358.0 |
| 008 |
200311t2006 enka e b 001 0 eng d |
| 999 |
|
|
|c 42313
|d 42313
|
| 020 |
|
|
|a 0335218946 (pbk.)
|
| 020 |
|
|
|a 9780335218943 (pbk.)
|
| 020 |
|
|
|a 0335218954 (hbk.)
|
| 020 |
|
|
|a 9780335218950 (hbk.)
|
| 040 |
|
|
|a BD-DhAAL
|
| 082 |
|
|
|a 372.350440941
|
| 245 |
|
|
|a Teaching and learning primary science with ICT /
|c edited by Paul Warwick, Elaine Wilson and Mark Winterbottom.
|
| 260 |
|
|
|a Maidenhead :
|b Open University Press,
|c c2006.
|
| 300 |
|
|
|a axi, 196 pages :
|b illustrations ;
|c 23 cm.
|
| 490 |
|
|
|a Learning and teaching with information and communications technology
|
| 504 |
|
|
|a Includes bibliographical references and index.
|
| 526 |
|
|
|a BIED
|
| 541 |
|
|
|a Complimentary copy from BIED
|e 35297
|
| 650 |
|
|
|a Science
|x Study and teaching (Elementary)
|z Great Britain.
|9 39871
|
| 650 |
|
|
|a Science
|x Computer-assisted instruction.
|9 39872
|
| 700 |
|
|
|a Warwick, Paul,
|d 1956-
|9 39873
|
| 700 |
|
|
|a Wilson, Elaine,
|d 1969-
|9 39874
|
| 700 |
|
|
|a Winterbottom, Mark.
|9 39875
|
| 830 |
|
|
|a Learning and teaching with information and communications technology
|9 39876
|
| 852 |
|
|
|a Ayesha Abed Library
|c BIED Collection
|
| 942 |
|
|
|2 ddc
|c BK
|
| 952 |
|
|
|0 0
|1 0
|2 ddc
|4 0
|6 372_350440941000000_TEA
|7 0
|9 68120
|a BRACUL
|b BRACUL
|c GEN
|d 2020-03-11
|e Complimentary copy from BIED
|l 0
|o 372.350440941 TEA
|p 3010035297
|r 2020-03-11
|t 1
|w 2020-03-11
|y BK
|x Transferred from BIED to General Stacks
|